000 01699nam a2200349 c 4500
003 BLK
005 20180420224813.0
008 180408b bul|||||r ||||||| ||bul||
010 _aKNG00088767000
020 _a978-954-09-0122-0
_bиздат.: Захарий Стоянов - на том(т. 2)
040 _aBLK
041 _aBUL
_cBUL
080 _aБългарска литература
_b821.163.2
_x(081)
_z821.163.2(081)
080 _aДраматични театри. Театри за драма и комедия. Вж и 82-2
_b792.2
_x
_z792.2
080 _aБългарска литература
_b821.163.2
_x-8
_z821.163.2-8
100 1 _aЦанков, Вили Христов
_eпърви автор
_9274049
139 _aЦанков, Вили Христов
_bЦ 17
245 1 0 _aСъчинения
_bВ 5 т.
_cВили Христов Цанков.
_nТ. 2
_pЦинобър
257 _aBGR
260 София
_c2008
_fСофия : Д. Благоев
300 _c24 см
380 _aX
490 1 _aПоредица Мелпомена
505 _g
_r
_tЕднооките
505 _g
_r
_tСбърканият
760 1 _3- на том(т. 2)
_aЦанков, Вили Христов
_dЗахарий Стоянов, 2008
_h399 с.
_nСъдържа и Аристократ на бълг. следвоенен театър / Леон Даниел ; За големия Вили - рицаря на бълг. сцена / Чавдар Добрев
_tТ. 2 Цинобър
852 _aЦб 243557
856 4 _qpdf
_u
856 4 _qpdf
_u
942 _cKNG
_n0
944 _aCR
_c07.04.2009
_lф /
_kМилена_Ачева
944 _aED
_c14.08.2015
_lф /
_kЛюдмила_Стоянова
999 _c84200
_d84200